Reflections on Quality (Record no. 12414)
[ view plain ]
| 000 -LEADER | |
|---|---|
| fixed length control field | 00301nam a22001337a 4500 |
| 003 - CONTROL NUMBER IDENTIFIER | |
| control field | OSt |
| 008 - FIXED-LENGTH DATA ELEMENTS--GENERAL INFORMATION | |
| fixed length control field | 240409b |||||||| |||| 00| 0 eng d |
| 020 ## - INTERNATIONAL STANDARD BOOK NUMBER | |
| International Standard Book Number | 9780070145252 |
| 100 ## - MAIN ENTRY--PERSONAL NAME | |
| Personal name | CROSBY,Philip B |
| 245 ## - TITLE STATEMENT | |
| Title | Reflections on Quality |
| 260 ## - PUBLICATION, DISTRIBUTION, ETC. (IMPRINT) | |
| Place of publication, distribution, etc | New Delhi |
| Name of publisher, distributor, etc | TMH |
| 300 ## - PHYSICAL DESCRIPTION | |
| Extent | 147 |
| 942 ## - ADDED ENTRY ELEMENTS (KOHA) | |
| Source of classification or shelving scheme | Dewey Decimal Classification |
| Koha item type | Reference Books |
| Withdrawn status | Lost status | Source of classification or shelving scheme | Damaged status | Not for loan | Collection code | Home library | Current library | Date acquired | Source of acquisition | Currency | Cost, normal purchase price | Bill Number | Total Checkouts | Full call number | Acc. no. / Barcode | Date last seen | Actual Cost, discounted price | Bill Date | Koha item type |
|---|---|---|---|---|---|---|---|---|---|---|---|---|---|---|---|---|---|---|---|
| Dewey Decimal Classification | GENERAL | PIET C-LIBRARY | PIET C-LIBRARY | 23/03/2024 | Zafaa Books and Distributors | In rupees | 945.00 | ZBD0440 | 658.56 CRR | 35919 | 09/04/2024 | 708.73 | 23/03/2024 | Reference Books |